平埔巴宰族滄桑史 : 臺灣開拓史上的功臣
| 資料類型: | 圖書 | 書目號: | 32318 |
Leader xxxxxxxxxx 001 __ PCLIS00032318 005 __ 20030227081535.35 010 0_ |a957-638-599-7|b平裝|dNT$400 020 __ |acw|b82005151 100 __ |a20030227d2003 0chib0109 e 101 0_ |achi 102 __ |acw 105 __ |aa z 000yy 200 1_ |a平埔巴宰族滄桑史|e臺灣開拓史上的功臣|f潘大和著|g 205 __ |a初版 210 __ |a臺北市|c南天|d2002年 215 0_ |a361面|c圖, 表|d22公分 225 1_ |a臺灣原住民系列|v5 681 __ |a536.299|b 700 __ |a潘|b大和|4著 702 _1 |a|b|4 801 __ |acw|b本館|c20030227 |